Industrial experience in using rubber wood for various applications (Record no. 61160)

MARC details
000 -LEADER
fixed length control field 01074nam a2200109Ia 4500
100 ## - MAIN ENTRY--AUTHOR NAME
Personal name Toprani J K
245 #0 - TITLE STATEMENT
Title Industrial experience in using rubber wood for various applications
260 ## - PUBLICATION, DISTRIBUTION, ETC. (IMPRINT)
Name of publisher The Proceedings of National Seminar on Processing and utilisation of Plantation Timbers and Bamboo, July 23-24 1998, IPIRTI, Bangalore, pp. 193
Year of publication 1998
520 ## - SUMMARY, ETC.
Summary, etc Borax Morarji is a pioneer company in impregnation and seasoning of rubberwood to make it from a highly degradable timber to a durable timber. The company was marketing treated and seasoned timber only in the beginning. It was a challenging task as people were not ready to accept such timbers. At that point of time the company decided to produce value added products from treated timber under the brand name BOROTIK. The company which started exporting only components are now meeting the demand to supply finished products of high precision and quality. The paper describes how quality in finishing and workmanship was achieved at Borax Morarji Ltd.
942 ## - ADDED ENTRY ELEMENTS (KOHA)
Koha item type Journals
Holdings
Withdrawn status Lost status Damaged status Not for loan Home library Current library Shelving location Date acquired Koha item type
      Journals RRII Library RRII Library Rubber general 01/01/2021 Journals